| 000 | 00409 a2200133 4500 | ||
|---|---|---|---|
| 999 |
_c327390 _d327390 |
||
| 001 | 92317 | ||
| 003 | NUST | ||
| 005 | 20180120152012.0 | ||
| 008 | 180120b xxu||||| |||| 00| 0 eng d | ||
| 020 | _a9788131515372 | ||
| 082 | _a658.401 SAB | ||
| 100 |
_aEhap H. Sabri, Ph.D. ,Salim N. shaikh _99269 |
||
| 245 | _aLean and Agile Value Chain Management : A Guide to the Next level of Improvement | ||
| 260 |
_aIndia _bCengage Learning (Pvt )Ltd _c2010 |
||
| 300 | _axvii,454p. | ||
| 942 |
_aCAE NUST _cBK _k658.401 SAB _2ddc |
||